| 000 | 00957nam a2200277 a 4500 | ||
|---|---|---|---|
| 001 | 75483 | ||
| 003 | BD-RjUL | ||
| 005 | 20211209082711.0 | ||
| 008 | 821209s1982 nyua 000 0 eng | ||
| 020 | _a0471863440 | ||
| 035 | _a(BD-RjUL)75701 | ||
| 040 |
_aDLC _cDLC _dDLC _dBD-RjUL _beng |
||
| 041 | _aeng | ||
| 082 | 0 | 0 |
_223 _a657.45 _bTAC 1982 |
| 100 | 1 |
_aTaylor, Donald H., _d1933- _9230563 |
|
| 245 | 1 | 0 |
_aCase study in auditing : _ba case study on internal accounting control and substantive testing, with emphasis on the application of judgement in audit decision making / _cDonald H. Taylor, G. William Glezen. |
| 250 | _a2nd ed. | ||
| 260 |
_aNew York : _bWiley, _c1982. |
||
| 300 |
_axvi, 203 p. : _bill. ; _c28 cm. |
||
| 650 | 0 |
_aAuditing _xCase studies. _9230564 |
|
| 650 | 0 |
_aAuditing _xProblems, exercises, etc. _9230565 |
|
| 700 | 1 |
_aGlezen, G. William. _947640 |
|
| 942 |
_2ddc _cBK |
||
| 999 |
_c75483 _d75483 |
||